| 000 -CABECERA |
| fixed length control field |
01083nam a22002297a 4500 |
| 003 - IDENTIFICADOR DEL NÚMERO DE CONTROL |
| control field |
AR-CdUCM |
| 008 - DATOS DE LONGITUD FIJA--INFORMACIÓN GENERAL |
| fixed length control field |
190405b ||||| |||| 00| 0 spa d |
| 040 ## - FUENTE DE LA CATALOGACIÓN |
| Agencia/entidad que catalogó originalmente la obra |
MUNICIPALIDAD PROVINCIAL DEL CUSCO |
| Entidad que transcribió la catalogación |
BIBLIOTECA MUNICIPAL DEL CUSCO |
| 082 ## - NÚMERO DE LA CLASIFICACIÓN DECIMAL DEWEY |
| No. de Clasificación |
327.85 / |
| Notacion interna |
P471 / 1953 |
| 110 ## - ENTRADA PRINCIPAL--NOMBRE DE ENTIDAD CORPORATIVA |
| Nombre de la institución, jurisdicción como entrada principal |
Dirección General de Informaciones del Perú. |
| 9 (RLIN) |
29570 |
| 245 ## - MENCIÓN DE TÍTULO |
| Título |
Perú y Brasil al servicio de América : |
| Resto del título |
Visita del presidente Odría a los Estados Unidos del Brasil, 25 de agosto - 1º setiembre de 1953 / |
| 260 ## - PUBLICACIÓN, DISTRIBUCIÓN, ETC. |
| Lugar de publicación, distribución, etc. |
Lima : |
| Nombre de la editorial, distribuidor, etc. |
Dirección General de Informaciones del Perú, |
| Fecha de publicación, distribución, etc. |
1953. |
| 300 ## - DESCRIPCIÓN FÍSICA |
| Nº de Páginas Extensión |
259 páginas ; |
| Otros detalles físicos |
Laminas, ilustraciones, retratos, |
| Dimensiones |
22 cm. |
| 505 ## - NOTA DE CONTENIDO CON FORMATO |
| Nota de contenido formateada |
Contenido: Itinerario de la visita de Odria al Brasil -- Lima recibe a Odria, a su regreso del Brasil, en gran mitin popular -- La palabra de Odria en Brasil ... |
| 650 ## - PUNTO DE ACCESO ADICIONAL DE MATERIA--TÉRMINO DE MATERIA |
| Descriptor |
Perú |
| 9 (RLIN) |
35 |
| 650 ## - PUNTO DE ACCESO ADICIONAL DE MATERIA--TÉRMINO DE MATERIA |
| Descriptor |
Relaciones exteriores |
| 9 (RLIN) |
4428 |
| 650 ## - PUNTO DE ACCESO ADICIONAL DE MATERIA--TÉRMINO DE MATERIA |
| Descriptor |
Presidente (1948-1956 : Odría) |
| 9 (RLIN) |
29571 |
| 650 ## - PUNTO DE ACCESO ADICIONAL DE MATERIA--TÉRMINO DE MATERIA |
| Descriptor |
Brasil |
| 9 (RLIN) |
1261 |
| 650 ## - PUNTO DE ACCESO ADICIONAL DE MATERIA--TÉRMINO DE MATERIA |
| Descriptor |
Perú y Brasil Relaciones exteriores |
| 9 (RLIN) |
29572 |
| 942 ## - ELEMENTOS DE PUNTO DE ACCESO ADICIONAL (KOHA) |
| Fuente de clasificación |
|
| Tipo de item |
Libros-BMC |
| 945 ## - PROCESAMIENTO DE INFORMACIÓN LOCAL (OCLC) |
| Catalogador |
cmm |
| AAAA-MM-DD - Fecha de ingreso o modificacion |
2019-04-05 |